000 00253 a2200085 4500
020 _a9783037786185
100 _a Gunther Vogt and Thomas Kissling (Editor)
245 _aMutation and Morphosis: Landscape as Aggregate
260 _bLars Müller Publishers
_c2020
999 _c13399
_d13399